| 000 | 00725nam a2200253Ia 4500 | ||
|---|---|---|---|
| 008 | 170203s9999 xx 000 0 und d | ||
| 020 | _a9781552094839 | ||
| 050 | _a363.25 | ||
| 050 | _b.O97h 2003 | ||
| 100 | _aOwen, David. | ||
| 245 | _aHidden evidence : | ||
| 245 | _b40 true crimes and how forensic science helped solve them / | ||
| 245 | _c[foreword by Thomas T. Noguchi ; preface by Kathe Reichs]. | ||
| 260 | _aWillowdale, Ont. : | ||
| 260 | _bFirefly Books | ||
| 260 | _c2000 | ||
| 300 | _a240 pages : | ||
| 300 | _bill. (some col.) ; | ||
| 300 | _c25 cm. | ||
| 500 | _a"A Firefly book"--T.p. verso. | ||
| 650 | _aCriminal investigation. | ||
| 650 | _aForensic sciences. | ||
| 650 | _xCrime. | ||
| 999 |
_c305436 _d305436 |
||